MARC

LEADER 00000nam0a2200000 4500
001 61575
005 20231101211944.0
010 |a 5940102018 
035 |a (RuTPU)RU\TPU\book\65168 
090 |a 61575 
100 |a 20040316d2003 km y0rusy50 ca 
101 0 |a rus 
102 |a RU 
105 |a с z 001zy 
200 1 |a Человек и Бог, творящие друг друга  |f Ю. М. Антонян 
210 |a Москва  |c Логос  |d 2003 
215 |a 408 с.  |c ил. 
320 |a Библиогр.: с. 393-405. 
606 |a Религиоведение  |2 stltpush  |3 (RuTPU)RU\TPU\subj\24943  |9 49207 
610 1 |a религия 
610 1 |a теория 
610 1 |a философия 
610 1 |a религиозная вера 
610 1 |a человек 
610 1 |a общество 
610 1 |a Бог 
610 1 |a страх 
610 1 |a христианский культ 
610 1 |a боги 
610 1 |a типология 
686 |a Э210  |v LBC/SL-A  |2 rubbk 
700 1 |a Антонян  |b Ю. М.  |g Юрий Миранович 
801 1 |a RU  |b 63413507  |c 20040316  |g PSBO 
801 2 |a RU  |b 63413507  |c 20171214  |g PSBO 
900 |a Религиоведение 
942 |c BK